000 004340000a22001810004500
003 MACL
005 20160105122842.0
008 160105b xxu||||| |||| 00| 0 eng d
040 _aMACL
_cMACL
041 _aEnglish
082 _a823/PAI
100 _aPaintal, Veena
_927844
245 _aMidnight Women
260 _bSterling Publishing
_c1979
_aNew Delhi
350 _a40
650 _aFiction
_927845
942 _cBK
_k823/Pai
_2ddc
999 _c33743
_d33743